The Catherine /

Wedi'i Gadw mewn:
Manylion Llyfryddiaeth
Prif Awdur: Macdonald, Robert S.
Fformat: Llyfr
Iaith:English
Cyhoeddwyd: Princeton, N.J. : Petrocelli Books, c1982.
LEADER 00832cam a2200241 a 4500
001 c000107184
003 CARM
005 19821015000000.0
008 811003s1982 nju 000 1 eng
019 1 |a 2095508  |5 LACONCORD2021 
020 |a 0894331817 
035 |a (OCoLC)7814022  |5 LACONCORD2021 
040 |a LC  |b eng  |c LC  |d LC 
050 0 0 |a PS3563.A288  |b C3 1982 
082 0 4 |a 813/.54  |2 19 
100 1 |a Macdonald, Robert S. 
245 1 4 |a The Catherine /  |c Robert S. Macdonald. 
260 |a Princeton, N.J. :  |b Petrocelli Books,  |c c1982. 
300 |a 303 p. ;  |c 24 cm. 
500 |a "Pataurus book." 
852 8 |b CARM  |h A2:AH21E0  |i C03445  |p 0154958  |f BK 
999 f f |i 89b5183a-9932-5a4b-92e3-28ae0243bb64  |s f2815d99-0abf-5bf2-aed3-a0934eb81c68 
952 f f |p Can circulate  |a CAVAL  |b CAVAL  |c CAVAL  |d CARM 1 Store  |e C03445  |f A2:AH21E0  |h Other scheme  |i book  |m 0154958